000 00733nam a22001937a 4500
999 _c166541
_d166541
005 20190726171143.0
010 _aUR-10299
020 _c250.00
_a9789388356367
035 _aU-8854
037 _bDBAD/PUB
082 _a921.8
100 _aنظا می محمد چا ند
245 _aعلا مہ ا ر شد ا لقا د ر ی :حيا ت و خد ما ت
_cنظا می محمد چا ند
246 _bAllama Arshadul Qadri :Hyat-o-Khidmat (Urdu)
_aby Mohd.Chand Nizami
260 _a Delhi
_bEducational Publishing House
_c2018 ء
270 _a3191,Vakil Street,Kucha Pandit Lal Kuan,
_bDelhi
_e110006
_k23216162
_l0091-1123211540
300 _a272 ص
_c22 Cm(Hb)
942 _2ddc
_cUR
_h921.8
_mن ظ ا